Diagnostika vplyvu čiernej a sivej ekonomiky na podnikateľské prostredie v Slovenskej republike dizertačná práca

Enregistré dans:
Détails bibliographiques
Auteur principal: Orfánus, Dominik
Collectivité auteur: Fakulta podnikového manažmentu EU. Katedra podnikovohospodárska
Autres auteurs: Neumannová, Anna
Format: Livre
Langue:slovaque
Publié: Bratislava 2012
Sujets:
Tags: Ajouter un tag
Pas de tags, Soyez le premier à ajouter un tag!

MARC

LEADER 00000nbm a2200000 4500
001 0161500
005 20240502072812.4
041 0 |a slo 
044 |a SK 
245 1 0 |a Diagnostika vplyvu čiernej a sivej ekonomiky na podnikateľské prostredie v Slovenskej republike  |b dizertačná práca  |c Dominik Orfánus ; školiteľ: Anna Neumannová 
264 1 |a Bratislava  |c 2012 
300 |a 137 s. 
610 2 0 |a podnikanie 
610 2 0 |a prostredie podnikateľské 
610 2 0 |a ekonomika tieňová 
610 2 0 |a diagnostika podniková 
100 1 |a Orfánus, Dominik 
700 1 |a Neumannová, Anna 
710 2 |a Fakulta podnikového manažmentu EU. Katedra podnikovohospodárska